000 00894naa a22002657a 4500
001 BR7907491
003 BR-BrBNA
005 20240918174512.0
007 ta
008 230509b bl.||||| |||| 00| 0 por d
040 _aBR-BrBNA
_bpor
_cBiblioteca Nacional de Agricultura
041 _a(Pt)
072 _aK10
_b3146
_bG514
090 _aK10 BR7907491
100 1 _aGaleti, P.A.
245 1 _aCultura do Pinus [Pinheiro-do-Parana, plantio, Brasil]
260 3 _aCampinas, SP (Brasil):
_c1979.
500 _aConservacao do Solo - Reflorestamento - Clima Campinas, SP (Brasil): 1979. p. 261-266 (BR7907491-AM)K10
650 _aPRODUCAO FLORESTAL
650 _aPINHEIRO-DO-PARANA
650 _aPLANTIO
773 0 _tConservacao do Solo - Reflorestamento - Clima
_wK10 BR7907491
_gCampinas, SP (Brasil), 1979. p. 261-266
909 _a202404
_bLucia
_c55
_dLucia Elande
942 _cAM
_2AGRIS
999 _c311629
_d311629